000 00530nam a2200229Ia 4500
003 OSt
005 20220924142714.0
006 a|||||r|||| 00| 0
007 ta
008 ASM
024 _a302996
037 _cTextual
040 _aARTS
_cARTS
_bASM
041 _2ASM
_aASM
082 _aY:1.277, 158N4
100 _aGoigoi Lila
_9213906
245 0 _aTai sanskritir ruprekha
260 _c1974
650 _aSOCIOLOGY
942 _hY:1.277, 158N4
_cTEXL
_2CC
999 _c451660
_d451660